| 000 | 00374nam a22001217a 4500 | ||
|---|---|---|---|
| 005 | 2010071505525.0 | ||
| 008 | 100715t xxu||||| |||| 00| 0 eng d | ||
| 245 | _aChemical engineering news | ||
| 260 |
_aColumbus _bAmerican chemical society _912076 |
||
| 653 | _aChemistry | ||
| 942 | _cJR | ||
| 952 |
_w2010-07-15 _pP27 _r2010-07-15 _40 _00 _bUL _10 _d2010-07-15 _70 _2udc _yJR _aUL |
||
| 999 |
_c67243 _d67242 |
||